| 000 | nam a22 a 4500 | ||
|---|---|---|---|
| 999 |
_c3455 _d3455 |
||
| 003 | AKMAL | ||
| 005 | 20170523090344.0 | ||
| 008 | 170523s1993 my a00 may d | ||
| 020 |
_a9836230033 (kkt.): _cRM 18.00 |
||
| 040 |
_aAKMAL _cAKMAL |
||
| 041 | 1 |
_amay _hind _heng |
|
| 049 | _amal | ||
| 082 | 0 | 4 | _a658.409 WOO |
| 090 | 0 | 0 |
_a658.409 _bWOO |
| 090 | 2 | 0 |
_a658.409 _bWOO |
| 100 | 1 |
_aWoodcock, Mike _96944 |
|
| 245 | 1 | 0 |
_aPengurus tanpa hambatan : _bsuatu panduan praktis bagi kemajuan diri / _cMike Woodcock dan Dave Francis ; [diterjemahkan ke bahasa Indonesia oleh C. Woekirsari ; diubahsuai ke bahasa Melayu Asiah Daud] |
| 260 |
_aKuala Lumpur : _bDewan Bahasa dan Pustaka, _c1993 |
||
| 300 |
_ax, 332ms. : _bil. ; _c22cm |
||
| 500 | _aTerjemahan dari: The unblocked manager : a practical guide to self development. - England : Gower Pub., 1982. | ||
| 504 | _aMengandungi bibliografi dan indeks | ||
| 650 |
_aExecutives _95963 |
||
| 650 |
_aExecutive ability _91222 |
||
| 650 |
_aSuccess _92 |
||
| 700 | 1 |
_aFrancis, Dave _96945 |
|
| 700 | 1 |
_aWoekirsari, C. _96946 |
|
| 700 | 0 |
_aAsiah Daud _96947 |
|
| 942 |
_2ddc _cBOOK |
||